000 00359nam a2200157 4500
003 OSt
008 250617b |||||||| |||| 00| 0 eng d
020 _a9781805302711
100 _aDALTON, Chloe
245 _aRaising Hare
250 _a1st
260 _aUnited Kingdom
_bCanongate Books Ltd
_c2024
300 _a291
650 _aGeneral
942 _2ddc
_cBK
999 _c13659
_d13659